| Поле | Инд. | ПП | Название | Значение |
|---|---|---|---|---|
| Тип записи | a | |||
| Библиографический уровень | m | |||
| 001 | Контрольный номер | b9444cff-a857-4e87-8b20-5e3cfb3af21d | ||
| 005 | Дата корректировки | 20111130140542.4 | ||
| 008 | Кодируемые данные | 980630 d | ||
| 020 | a | ISBN | 5-289-01728-3 | |
| c | Цена, тираж | 3 600-00 | ||
| 080 | a | Индекс УДК | 159.961 | |
| a | Индекс УДК | 612.013.1 | ||
| 084 | a | Индекс другой классификации/Индекс ББК | Ю96 | |
| a | Индекс другой классификации/Индекс ББК | Р34 | ||
| 090 | c | Каталожный индекс | Ю96 + Р34 | |
| x | Авторский знак | В78 | ||
| a | Полочн. индекс | Ю96 | ||
| 245 | 00 | a | Заглавие | Восток и Запад о жизни после смерти |
| b | Продолж. заглавия | [Сборник : Переводы] | ||
| c | Ответственность | [Сост. Н. Шкляева; Худож. М. Гавричков] | ||
| 260 | 0_ | a | Место издания | СПб. |
| b | Издательство | Лениздат | ||
| c | Дата издания | 1993 | ||
| 300 | a | Объем | 475,[1] с. | |
| b | Иллюстрации/ тип воспроизводства | ил. | ||
| 650 | a | Основная рубрика | Жизнь после смерти | |
| 650 | a | Основная рубрика | Смерть клиническая | |
| 653 | a | Ключевые слова | Жизнь | |
| a | Ключевые слова | Жизнь после смерти | ||
| a | Ключевые слова | Клиническая смерть | ||
| a | Ключевые слова | Смерть | ||
| 852 | t | Порядковый номер экземпляра | 1 | |
| p | Инвентарный номер | 651488 | ||
| 954 | a | Дата поступления на обработку | 23.06.94 | |
| a | Дата поступления на обработку | 23.06.94 | ||
| 999 | a | Подразделение 2 | аб. |